DRAWING IS EASY A STEP - STEP GUIDE (Record no. 933370)

MARC details
000 -LEADER
fixed length control field 00303nam a2200109Ia 4500
008 - FIXED-LENGTH DATA ELEMENTS--GENERAL INFORMATION
fixed length control field 231120s2018 xx 000 0 und d
041 ## - LANGUAGE CODE
Language code of text/sound track or separate title eng
100 ## - MAIN ENTRY--PERSONAL NAME
Personal name SUSIE HODGE
245 ## - TITLE STATEMENT
Title DRAWING IS EASY A STEP - STEP GUIDE
260 ## - PUBLICATION, DISTRIBUTION, ETC.
Place of publication, distribution, etc. ARCTURUS PUBLISHING LTD
Name of publisher, distributor, etc. ARCTURUS PUBLISHING LTD
Date of publication, distribution, etc. 2018
300 ## - PHYSICAL DESCRIPTION
Extent P-160
Holdings
Withdrawn status Lost status Damaged status Not for loan Home library Current library Date acquired Cost, normal purchase price Total Checkouts Barcode Date last seen Price effective from Koha item type
        College of Fine Arts, Pune College of Fine Arts, Pune 21/11/2023 837.00   FAP-BVA-214 21/11/2023 21/11/2023 Book